[Event "La Florida CALF op"]
[Site "La Florida"]
[Date "2003.11.01"]
[Round "6.6"]
[White "Sepulveda, Raul"]
[Black "Mardones Moncada, Marcelo"]
[Result "1-0"]
[WhiteElo "1915"]
[BlackElo "1866"]
[PlyCount "71"]
[EventDate "2003.09.27"]
[EventType "swiss"]
[EventRounds "6"]
[EventCountry "CHI"]
[SourceTitle "CBM 097 Extra"]
[Source "ChessBase"]
[SourceDate "2004.01.13"]
[SourceVersion "1"]
[SourceVersionDate "2004.01.13"]
[SourceQuality "1"]

1. e4 e5 2. Nf3 Nc6 3. Bb5 a6 4. Ba4 Nf6 5. 0-0 Be7 6. Bxc6 dxc6 7. Qe1 Nd7 8. b3 0-0 9. Bb2 f6 10. d3 Re8 11. Nc3 Nf8 12. a4 Bc5 13. h3 Qe7 14. Ne2 Ng6 15. Kh1 Ba7 16. Nd2 c5 17. f4 exf4 18. Nxf4 Nxf4 19. Rxf4 Be6 20. Nf1 Rad8 21. Ne3 Qd7 22. Qg3 Kf8 23. Raf1 Qe7 24. e5 f5 25. Nxf5 Bxf5 26. Rxf5+ Kg8 27. e6 Rf8 28. Rf7 Rxf7 29. Rxf7 Qxf7 30. exf7+ Kxf7 31. Qxg7+ Ke6 32. Qxc7 Rd7 33. Qe5+ Kf7 34. Qf5+ Ke8 35. Bf6 Bb8 36. Qe6+ 1-0